| 000 | 00876nam a2200253 a 4500 | ||
|---|---|---|---|
| 001 | 000025573 | ||
| 005 | 20200930023903.0 | ||
| 008 | 110217s1978 ag abc r 000 0 spa d | ||
| 040 |
_aDO-SdBNP _bspa _cBNPHU |
||
| 041 | 1 | 7 |
_aspa _heng _2Código de idioma MARC |
| 082 |
_aNNN _bH477n |
||
| 100 | 1 |
_aHellman, Hal, _d1927- _94472 |
|
| 240 | 1 | 0 |
_aFeeding the world of the future. _lEspañol. |
| 245 | 1 | 0 |
_aNueva era de la alimentación / _cHal Hellman ; traducción de Daniel Landes. |
| 260 |
_aBuenos Aires : _bMarymar, _c1978. |
||
| 300 |
_a195, [4] p. : _bil., retrs., mapas ; _c23 cm. |
||
| 490 | 1 | _aNueva ciencia | |
| 534 |
_aTítulo original: _tFeeding the world of the future. |
||
| 504 | _aIncluye bibliografía (p. 189-195) | ||
| 500 | _aIncluye dato del autor en la solapa | ||
| 700 | 1 |
_aLandes, Daniel _etr. _94474 |
|
| 830 | 0 |
_aNueva ciencia _94475 |
|
| 049 | _aBNGR | ||
| 999 |
_c25065 _d25065 |
||